Ginzburg-Landau vortices
Αποθηκεύτηκε σε:
| Κύριος συγγραφέας: | |
|---|---|
| Άλλοι συγγραφείς: | , |
| Μορφή: | Βιβλίο |
| Γλώσσα: | English |
| Δημοσίευση: |
Boston ; Basel :
Birkhauser,
c1994
|
| Σειρά: | Progress in nonlinear differential equations and their applications ;
; 13 |
| Θέματα: | |
| Ετικέτες: |
Προσθήκη ετικέτας
Δεν υπάρχουν, Καταχωρήστε ετικέτα πρώτοι!
|
MARC
| LEADER | 00000nam a2200000 i 4500 | ||
|---|---|---|---|
| 001 | 1/76298 | ||
| 008 | 990726s1994 eng d | ||
| 020 | |a 3-7643-3723-0 | ||
| 035 | |l 10049566 | ||
| 040 | |a GR-MY-UA |b gre |e aacr | ||
| 041 | 0 | |a eng | |
| 082 | 0 | |a 530.155353 | |
| 100 | 1 | |a Bethuel, Fabrice |d 1963- | |
| 245 | 1 | 0 | |a Ginzburg-Landau vortices / |c Fabrice Bethuel |
| 260 | |a Boston ; Basel : |b Birkhauser, |c c1994 | ||
| 300 | |a xxvii, 158 p.; |b ill.; |c 24 cm. | ||
| 490 | 1 | |a Progress in nonlinear differential equations and their applications |v ; 13 | |
| 500 | |a Includes bibliographical references and index | ||
| 650 | 0 | 0 | |a Singularities (Mathematics) |
| 650 | 0 | 0 | |a Mathematical physics. |
| 650 | 0 | 0 | |a Superconductors |x Mathematics. |
| 650 | 0 | 0 | |a Superfluidity |x Mathematics. |
| 650 | 0 | 0 | |a Differential equations, Nonlinear |x Numerical solutions. |
| 700 | 1 | |a Brezis, H. |q (Haim) | |
| 700 | 1 | |a Helein, Frederic |d 1963- | |
| 830 | 0 | |a Progress in nonlinear differential equations and their applications ; |v ; 13 | |
| 852 | |a INST |b SAMOS |e 19990726 |h 530.155353 BET |p 005300014879 |q 005300014879 |t BK |y 0 | ||
| 901 | |a BIBL3-1999-2 | ||
| 909 | |a Σ |b 064536 | ||
| 922 | |a 3ΕΛΗ |b 199903 |c ΚΠΣ |d GLORY | ||
| 970 | |a ΓΕΝΟΥΖΟΥ |b ΧΡΥΣΑΝΘΗ |z 1999/07/26 | ||